| 000 | 00837nam a2200241 i 4500 | ||
|---|---|---|---|
| 001 | 188732 | ||
| 003 | ES-MaACL | ||
| 005 | 20250927162922.0 | ||
| 007 | t| | ||
| 008 | 190211s1967 sp r ||||1| spa d | ||
| 245 | 0 | 0 |
_aPedagogía y psicología de los grupos / _cJ.P. Brugidoux [y otros] ; prefacio de M. Debesse... ; [versión de Esteban Riambau]. |
| 260 |
_aBarcelona : _bNova Terra, _c1967. |
||
| 300 |
_a329 p. ; _c20 cm. |
||
| 490 | 1 |
_aColección "Navidad" ; _v15 |
|
| 650 | 0 | 4 |
_aDinámica de grupos. _911891 |
| 650 | 0 | 7 |
_aPsicología de la educación _2embne _916558 |
| 700 | 1 |
_aRiambau, Esteve, _d1925-1994 _9156353 |
|
| 700 | 1 |
_aBrugidoux, J. P. _9166190 |
|
| 700 | 1 |
_aDebesse, Maurice. _943120 |
|
| 830 | 0 |
_aColección "Navidad" ; _v15 _9181795 |
|
| 852 |
_aES-MaACL _jP-474-Ter-14 |
||
| 999 |
_c188732 _d188732 |
||